000 01094cam a22003257a 4500
003 CHAP
005 20220823102224.0
008 011211d2001 mx r 00110 spa d
010 _a85123
011 _a86095
035 _a96633
040 _cCHAP
090 _aTesis
100 0 0 _aMagdaleno Villar, J. Jesús.
_969829
245 1 0 _aEvaluación de sistemas y criterios de aplicación del riego en tomate de cáscara (Physalis ixocarpa, Brot.)
_c/por J. Jesús Magdaleno Villar
260 _aChapingo, Méx. :
_bEl autor,
_c2001.
300 _a60 h.
502 _aTesis (M.C. en Horticultura) -- UACH. Departamento de Fitotécnia
590 _aALEPH
_b10
_c20130110
590 _aBATCH-UPD
_b10
_c20130110
590 _aBATCH-UPD
_b10
_c20130410
590 _aBATCH-UPD
_b10
_c20130914
590 _aCONVERSION
_b10
_c20130109
650 1 4 _aTomate verde
_xIrrigación.
_9113821
901 _aBK
905 _aMayto Villalobos S.
942 _cFOLL
_2ddc
949 _aTesis
_bBC
_cTES
_d33724000858452
_eTS2
_fc.2
_h38800
_i96633
_si
949 _aTesis
_bBC
_cTES
_d966331
_eTS1
_h38801
_i96633
_sb
999 _c85123
_d85123